000
00337pab a2200145 454500
008
180718b2017 xxu||||| |||| 00| 0 eng d
100
_a
Banerjee, Trina Nileena
245
_a
Carceral or sex-positive?
260
_c
2017
300
_a
p.67-75.
362
_a
Mar
650
_a
Sexual behaviour
773
_a
Seminar
909
_a
113959
999
_c
113953
_d
113953